000 01641nam0a2200385 4500
001 RU\NLR\bibl\1503004
005 20250616020709.0
010 _a978-5-93093-692-6
_9500
021 _aRU
_b2010-16692
_91116
035 _a(nilc)RSL-KNO-004592858
035 _a(NLR Aleph) 001494448
090 _a1779895
_c1779895
100 _a20100312d2009 |||y0rusy50 ca
101 0 _arus
102 _aRU
105 _aa zzzz|||||
200 1 _aМатематические модели с конечной точностью
_fЕ. А. Трофимов
210 _aМосква
_cМГСУ
_cИзд-во Ассоц. строит. вузов
_d2009
215 _a71 с.
_cил., табл.
_d22
225 1 _aБиблиотека научных разработок и проектов МГСУ
320 _aБиблиогр.: с. 71
606 1 _aМатематические модели
_91532751
_3RU\NLR\auth\66667607
610 0 _aФизико-математические науки -- Математика -- Геометрия -- Начертательная геометрия
610 0 _aФизико-математические науки -- Математика -- Основания математики. Математическая логика -- Модели
686 _aВ181.19,0
_2rubbk
686 _aВ122,0
_2rubbk
686 _aВ1
700 1 _aТрофимов
_bЕ. А.
_gЕвгений Александрович
_4070
801 0 _aRU
_bРГБ
_c20100312
_grcr
801 1 _aRU
_bРГБ
_c20100312
801 2 _aRU
_bNLR
_c20100422
_grcr
830 _aпо кн
942 _cBOOK
980 _aNB